[Event "3rd Sharjah Masters 2019"]
[Site "Sharjah"]
[Date "2019.03.22"]
[Round "1.46"]
[White "Yanjinlkham, Bayarsaikhan"]
[Black "Aditya Mittal"]
[Result "0-1"]
[WhiteElo "1950"]
[BlackElo "2454"]
[Annotator "TA"]
[PlyCount "62"]
[EventDate "2019.03.22"]
[EventType "swiss"]
[EventCountry "UAE"]
[SourceTitle "playchess.com"]
[Source "ChessBase"]
[SourceQuality "1"]

{[%evp 9,62,-42,-20,-27,-27,-43,-25,-40,-1,-46,-47,-48,-52,-63,-52,-71,-75,-100,-100,-134,-95,-263,-254,-218,-257,-246,-139,-254,-242,-217,-258,-260,-247,-285,-291,-295,-294,-272,-178,-209,-173,-172,-178,-324,-331,-322,-331,-327,-275,-395,-386,-893,-867,-716,-709]} 1. d4 d5 2. c4 c6 3. Nf3 Nf6 4. g3 dxc4 5. a4 {[#]} (5. Bg2 g6 6. a4 Bg7 7. O-O Ne4 8. Qc2 Nd6 9. e4 Na6 10. Ne5 c5 11. dxc5 Nxc5 12. Nxc4 Be6 13. Nxd6+ exd6 {1-0 (52) Cheparinov,I (2710)-Dreev,A (2653) Riadh 2017}) 5... c5 $1 {[%mdl 512]} 6. Nc3 {D11: Slav Defence: 3 Nf3 sidelines and 3...Nf6 4 e3 Bg4} (6. dxc5 Qxd1+) 6... cxd4 7. Qxd4 Qxd4 8. Nxd4 {Black has an edge.} a6 9. Bg2 e5 10. Nc2 Nc6 {[%cal Bb8c6,Bc6d4,Bd4b3][%mdl 32]} 11. Bg5 $146 {White wants to play Bxf6.} ({Predecessor:} 11. Be3 Be6 12. O-O-O Be7 {1-0 (79) Mihalyfi,G (2076)-Gaber,J (2068) Hungary 2012}) 11... Be6 12. Bxf6 gxf6 13. Nd5 {Strongly threatening Nc7+.} O-O-O $1 14. Nxf6 Nd4 15. Ne3 $2 (15. O-O-O $17) 15... Bb4+ $19 16. Kf1 Nb3 17. Rd1 Rxd1+ 18. Nxd1 {[#]} Rd8 $1 {[%cal Rd8d1]} 19. Ne3 Rd2 $40 {[%mdl 128] White is in trouble.} 20. Bd5 Bxd5 ({Worse is} 20... Rxb2 21. Bxe6+ fxe6 22. Nxc4 $11) 21. Nfxd5 Bc5 22. Kg2 b5 ({Not} 22... Rxb2 23. Nxc4 Rxe2 24. Rb1 $17) 23. Rb1 Rxe2 ({Less strong is} 23... bxa4 24. Nb6+ Bxb6 25. Nxc4 $17) 24. axb5 axb5 {[%cal Ba6b5,Bb5b4,Bb4b3,Bb3c2][%mdl 32]} 25. Nc3 Rd2 26. Ned1 (26. Re1 $142) 26... b4 27. Ne4 Rc2 28. Nxc5 Nxc5 29. Ne3 {[#]} (29. Kf3 {was called for.}) 29... b3 $1 30. Nxc2 $2 (30. Kf3 e4+ 31. Kf4) 30... bxc2 31. Rc1 Nd3 {[%mdl 64] Double Attack. Accuracy: White = 27%, Black = 98%.} 0-1

[Event "3rd Sharjah Masters 2019"]
[Site "Sharjah"]
[Date "2019.03.22"]
[Round "1.47"]
[White "Mendonca, Leon Luke"]
[Black "Al Mheiri, Jumaa Ahmmed"]
[Result "1-0"]
[WhiteElo "2446"]
[BlackElo "1946"]
[Annotator "TA"]
[PlyCount "71"]
[EventDate "2019.03.22"]
[EventType "swiss"]
[EventCountry "UAE"]
[SourceTitle "playchess.com"]
[Source "ChessBase"]
[SourceQuality "1"]

{[%evp 22,71,0,0,7,7,10,3,5,-5,12,13,16,18,54,68,68,45,52,18,12,6,49,24,37,15,17,13,15,0,13,0,11,14,68,45,120,77,97,44,74,71,134,142,218,216,325,194,509,525,633,558]} 1. d4 d5 2. c4 c6 3. Nf3 Nf6 4. g3 e6 5. Bg2 Nbd7 6. O-O Be7 7. Nc3 O-O 8. Qc2 b6 9. cxd5 cxd5 {E07: Closed Catalan: Main Line (5 Nf3 0-0 6 0-0 Nbd7)} 10. Bf4 Bb7 11. Rfc1 Rc8 12. Qb3 {LiveBook: 9 Games} (12. Ne5 Nxe5 13. Bxe5 Ne4 14. Qd3 f6 15. Bf4 g5 16. Nxe4 gxf4 17. Nc3 Bd6 {½-½ (49) Duda,J (2724)-Ding,L (2778) Liaocheng 2018}) 12... Nh5 13. Bd2 Nhf6 14. a4 a6 {[#]} 15. Ne1 $146 ({Predecessor:} 15. Bf4) 15... Rc4 16. e3 Qa8 17. Bf1 Rfc8 18. Bxc4 dxc4 19. Qd1 e5 20. f3 exd4 21. exd4 Bd6 22. Rc2 Re8 23. Bg5 h6 24. Bxf6 Nxf6 25. Re2 Rd8 26. Qc2 Bb4 27. Rd1 Bxc3 (27... Qc8 $11) 28. bxc3 $14 b5 (28... Bxf3 $14 29. Nxf3 Qxf3) 29. Kf2 Nd5 30. Rb1 (30. Ra1 $16) 30... Bc6 31. Ng2 Nb6 {[#]} (31... bxa4 $142 32. Ree1 g6) 32. a5 $1 $16 {[%cal Ba4a5,Ba5b6][%mdl 32]} Bxf3 (32... Nd5 $16 33. Ree1 Qc8) 33. axb6 $18 Bxg2 (33... Qc6 $142 34. Kg1 Bxe2 35. Qxe2 Rb8) 34. Qf5 (34. Re7 $142) 34... Bd5 $2 (34... g6 {is tougher.} 35. Qf4 g5) 35. Re7 Be6 36. Qe5 {Accuracy: White = 48%, Black = 38%.} 1-0

[Event "3rd Sharjah Masters 2019"]
[Site "Sharjah"]
[Date "2019.03.23"]
[Round "2.1"]
[White "Asgarizadeh, Ahmad"]
[Black "Wang, Hao"]
[Result "1/2-1/2"]
[WhiteElo "2434"]
[BlackElo "2718"]
[Annotator "TA"]
[PlyCount "62"]
[EventDate "2019.03.22"]
[EventType "swiss"]
[EventCountry "UAE"]
[SourceTitle "playchess.com"]
[Source "ChessBase"]
[SourceQuality "1"]

{[%evp 12,62,47,34,60,33,35,34,45,34,35,36,34,36,37,29,60,44,53,53,52,48,36,41,45,46,54,33,42,32,37,0,32,0,38,24,24,30,33,34,32,21,41,0,91,22,45,45,45,0,0,0,33]} 1. e4 d6 2. d4 Nf6 3. Nc3 g6 4. Nf3 Bg7 5. Be2 O-O 6. O-O a6 7. Re1 e6 {B08: Pirc Defence: Classical System} (7... Nc6 8. d5 Nb8 9. a4 e5 10. dxe6 Bxe6 11. Nd4 Nc6 12. Be3 Nxd4 13. Bxd4 c5 14. Be3 Qb6 15. Rb1 Rad8 {0-1 (67) Sasikiran,K (2673)-Andreikin,D (2719) Sitges 2018}) 8. Bf4 Nc6 9. a4 b6 {White is slightly better.} 10. Qd2 Bb7 11. Rad1 Nb4 12. Bf1 $146 ({Predecessor:} 12. Bg5 c5 13. Bc4 Qc7 14. d5 exd5 15. exd5 {½-½ (48) Zejewski,P (2126)-Mehlhorn,U (2281) GER email 2009}) 12... Re8 13. Bg5 e5 14. d5 a5 15. Bb5 Rf8 16. h3 Kh8 17. Nb1 Na6 18. c3 Nc5 19. Qc2 Ba6 20. Bc6 {[#] Black must now prevent b4.} Bb7 21. Bb5 Ba6 22. Bc6 Bc4 23. Nbd2 Bd3 24. Qc1 {[#] And now b4 would win.} Ba6 $1 25. Qb1 {Strongly threatening b4.} Bb7 26. Bb5 Ba6 27. Bc6 {Threatens to win with b4.} Ra7 (27... Bb7 $1 $11 {keeps the balance.}) 28. Nf1 (28. b4 $16 Nd3 29. Re3) 28... Bb7 29. Bb5 Ba6 30. Bc6 Bb7 31. Bb5 Ba6 {Accuracy: White = 59%, Black = 69%.} 1/2-1/2

[Event "3rd Sharjah Masters 2019"]
[Site "Sharjah"]
[Date "2019.03.23"]
[Round "2.2"]
[White "Fedoseev, Vladimir"]
[Black "Mendonca, Leon Luke"]
[Result "1/2-1/2"]
[WhiteElo "2715"]
[BlackElo "2446"]
[Annotator "TA"]
[PlyCount "129"]
[EventDate "2019.03.22"]
[EventType "swiss"]
[EventCountry "UAE"]
[SourceTitle "playchess.com"]
[Source "ChessBase"]
[SourceQuality "1"]

{[%evp 14,129,16,16,24,24,13,15,20,18,58,39,56,52,54,37,50,49,55,21,62,0,0,0,0,0,27,7,27,9,27,10,43,41,40,-12,-12,-38,-11,-11,-12,-11,-11,-11,-6,-8,-8,-19,-13,-19,-13,-22,0,-31,-23,-43,-38,-67,-20,-69,-69,-70,-76,-77,-19,-149,-7,-81,-30,-12,-20,-38,-21,-12,-14,-12,-14,-29,-21,-21,-10,-12,-11,-10,-12,-15,0,-8,0,0,0,0,0,0,0,0,0,0,0,0,0,0,0,0,0,-4,0,0,0,0,0,0,0,0,0,0,0,0]} 1. d4 Nf6 2. c4 e6 3. Nf3 b6 4. g3 Bb7 5. Bg2 Be7 6. O-O O-O 7. Re1 Na6 8. Nc3 Ne4 {E18: Queen's Indian: Old Main Line (4 g3 Bb7 5 Bg2 Be7 6 0-0 0-0 7 Nc3)} 9. h4 Nxc3 $146 ({Predecessor:} 9... d6 10. Nxe4 Bxe4 11. Ng5 Bxg2 12. Kxg2 h6 13. Nf3 c5 14. d5 exd5 15. Qxd5 Nc7 16. Qf5 {½-½ (74) Sargissian,G (2689)-Oparin,G (2613) St Petersburg 2018}) 10. bxc3 Be4 11. Bh3 Bxf3 12. exf3 c6 13. Qe2 Nc7 14. a4 d5 15. f4 Re8 16. h5 Bf8 17. Ba3 ({White should try} 17. cxd5 $14 exd5 18. Be3) 17... Bxa3 $11 18. Rxa3 Qd6 19. Raa1 Rac8 20. cxd5 cxd5 21. Reb1 Re7 22. Rb3 g6 23. Bf1 Ne8 24. h6 (24. hxg6 $14 hxg6 25. a5) 24... Rec7 25. a5 bxa5 26. Rxa5 Qf8 27. Rba3 Qxh6 28. Rxa7 Qf8 29. Rxc7 Nxc7 30. Ra7 Qd6 31. Qe3 Qb6 $36 {[%mdl 2048] Black has good play.} 32. Ra1 Ra8 33. Re1 Ne8 34. g4 Nd6 35. Bg2 Qc6 36. Rb1 Rc8 37. Qe5 Qc7 38. Rb3 Nc4 ({Black should play} 38... Qd8 $17) 39. Qg5 {[#]} (39. Qxc7 $11 {remains equal.} Rxc7 40. f5) 39... Qd8 (39... Nd2 $1 $17 {[%cal Rd2b3]} 40. Ra3 Nb1) 40. Qh6 (40. Qxd8+ $11 {keeps the balance.} Rxd8 41. f5) 40... Qf8 (40... Qd7 $17) 41. Qxf8+ Kxf8 {[%mdl 4096] Endgame KRB-KRN} 42. f5 $1 gxf5 43. gxf5 Nd6 44. fxe6 fxe6 45. Kh2 Ke7 46. Bf3 {The position is equal.} Rf8 47. Kg2 Rg8+ 48. Kf1 Ra8 49. Bg4 Ra1+ 50. Kg2 Rc1 51. f3 Kf6 52. Kg3 Rh1 53. Rb6 Nf5+ 54. Bxf5 Kxf5 {KR-KR} 55. Rb7 Rg1+ 56. Kf2 Rc1 57. Rf7+ Kg6 58. Rc7 h6 59. Rc8 Kf6 60. Ke3 Kf5 61. Kd2 Rf1 62. Rh8 Kg6 63. Ke3 Rc1 64. Rc8 Kf5 65. Rf8+ {Accuracy: White = 55%, Black = 39%.} 1/2-1/2

[Event "3rd Sharjah Masters 2019"]
[Site "Sharjah"]
[Date "2019.03.23"]
[Round "2.3"]
[White "Shyaamnikhil P"]
[Black "Le, Quang Liem"]
[Result "0-1"]
[WhiteElo "2429"]
[BlackElo "2715"]
[Annotator "TA"]
[PlyCount "100"]
[EventDate "2019.03.22"]
[EventType "swiss"]
[EventCountry "UAE"]
[SourceTitle "playchess.com"]
[Source "ChessBase"]
[SourceQuality "1"]

{[%evp 18,100,38,28,25,32,38,16,26,23,25,34,43,12,16,0,54,59,62,62,96,47,85,87,90,70,78,66,85,93,85,69,68,41,50,43,46,50,63,22,53,6,11,11,12,0,0,0,14,0,0,0,0,-31,-31,-27,-11,-40,-40,-39,-35,-35,-19,-79,-77,-102,-102,-205,-172,-285,-309,-282,-304,-288,-276,-382,-400,-372,-368,-396,-385,-404,-404,-424,-415]} 1. Nf3 c5 2. e4 d6 3. d4 cxd4 4. Nxd4 Nf6 5. Nc3 Nc6 6. Bg5 e6 7. Qd2 a6 8. O-O-O Bd7 9. f3 Be7 10. Kb1 Nxd4 {B67: Sicilian: Richter-Rauzer: 7...a6 8 0-0-0 Bd7, lines without 9 f4 Be7} 11. Qxd4 Qc7 (11... b5 12. Bxf6 gxf6 13. Ne2 Rc8 14. Qd2 Qb6 15. Nf4 h5 16. g3 Rc7 17. Bd3 Kd8 18. c3 {½-½ (41) Anand,V (2776)-Carlsen,M (2843) Karlsruhe/Baden-Baden 2018}) 12. h4 b5 {The position is equal.} 13. Qd2 h6 14. Be3 h5 $146 ({Predecessor:} 14... b4 15. Ne2 d5 16. e5 Ng8 17. h5 f6 18. Nf4 fxe5 {1-0 (42) Vega Chirino,L (2266)-Melendez Sanchez,Y (2167) San Nicolas de Bari 2007}) 15. Ne2 Rc8 16. Bg5 e5 (16... b4 $11) 17. Bxf6 $14 gxf6 18. Nc3 Be6 19. Nd5 Bxd5 20. exd5 Bf8 21. Bd3 Bh6 22. Qe2 Ke7 23. g3 Rhg8 24. Rhg1 Qc5 25. Bh7 Rg7 26. Bf5 Rcg8 27. g4 Bf4 28. Rh1 Rh8 29. a3 a5 30. Rd3 {Strongly threatening Rc3.} b4 $1 31. a4 Rgg8 32. Rdd1 Rb8 33. Qd3 Rb7 34. Qb3 Rc7 35. gxh5 Rxh5 36. Bg4 Rh6 37. h5 Qc4 38. Qd3 Qxd3 39. Rxd3 Rh8 40. Bf5 (40. c3 $11 {keeps the balance.}) 40... Bh6 $17 41. Rh4 Bg5 $1 {[%cal Rg5h4]} 42. Rh1 (42. Rh3 $17) 42... Rc4 $1 $19 43. Be4 {[#]} (43. c3 {was necessary.}) 43... f5 $1 {[%cal Rf5e4][%mdl 512]} 44. Bxf5 {[#]} Rf4 $1 45. Bh3 Rxh5 46. Bg2 Rxh1+ 47. Bxh1 {[#]} e4 $1 {[%mdl 512]} 48. Re3 (48. fxe4 Rf1+) 48... f5 49. Bg2 Rh4 50. Re2 {[%cal Rf3e4]} e3 {Accuracy: White = 44%, Black = 84%.} 0-1

[Event "3rd Sharjah Masters 2019"]
[Site "Sharjah"]
[Date "2019.03.23"]
[Round "2.4"]
[White "Inarkiev, Ernesto"]
[Black "Tokhirjonova, Gulrukhbegim"]
[Result "1-0"]
[WhiteElo "2692"]
[BlackElo "2434"]
[Annotator "TA"]
[PlyCount "73"]
[EventDate "2019.03.22"]
[EventType "swiss"]
[EventCountry "UAE"]
[SourceTitle "playchess.com"]
[Source "ChessBase"]
[SourceQuality "1"]

{[%evp 15,73,8,23,16,21,23,18,16,35,31,29,16,40,4,9,23,19,0,37,33,43,54,43,45,71,30,35,47,71,57,77,74,97,100,153,119,116,118,231,230,453,452,651,633,630,624,703,696,693,670,879,857,937,934,29984,2032,29994,29995,29995,29996]} 1. c4 e6 2. Nc3 d5 3. d4 Nf6 4. cxd5 exd5 5. Bg5 Be7 6. e3 c6 7. Bd3 Nbd7 8. Nge2 h6 9. Bh4 {D35: Queen's Gambit Declined: Exchange Variation} Nh5 10. Bxe7 Qxe7 11. Qd2 {The position is equal.} Nb6 12. f3 Bd7 13. O-O O-O {[#]} 14. e4 $146 ({Predecessor:} 14. g4 Nf6 15. Ng3 Ne8 16. Rae1 {1-0 (43) Mamedyarov,S (2766)-Adams,M (2751) Sharjah 2017}) 14... dxe4 15. fxe4 Rad8 16. Rf2 Nf6 17. h3 c5 18. d5 $36 {[%mdl 2048] White is pushing.} Bc8 19. Ng3 Qe5 20. Nce2 c4 21. Bc2 Nfd7 22. Nf5 Nc5 23. Nc3 Bd7 24. Raf1 Nc8 ({Black should try} 24... Bxf5 25. Rxf5 Qe7) 25. Qe3 b6 26. Nh4 Nd6 (26... Qg5 $16 {keeps fighting.} 27. Qxg5 hxg5) 27. Nf3 $18 Qg3 $2 (27... Qe7 {was necessary.} 28. e5 Ndb7) 28. e5 Nf5 (28... Nd3 $142 29. Bxd3 (29. exd6 Rfe8 $18) 29... cxd3 30. exd6 Qxd6 31. Qxd3 Rfe8) 29. Bxf5 Bxf5 30. Ne2 {[%cal Bc3e2,Be2f4,Bf4h5][%mdl 32]} Qxf2+ 31. Rxf2 Rxd5 32. Nfd4 Bc8 33. Nf4 Rd7 34. Nh5 Kh8 {[#]} 35. Rf6 $3 {[%mdl 512]} Rxd4 {[#]} (35... gxf6 36. Qxh6+) 36. Rxh6+ $1 {[%mdl 512]} Kg8 (36... gxh6 37. Qxh6+) 37. Qg5 {Accuracy: White = 75%, Black = 36%.} 1-0

[Event "3rd Sharjah Masters 2019"]
[Site "Sharjah"]
[Date "2019.03.23"]
[Round "2.5"]
[White "Dimakiling, Oliver"]
[Black "Matlakov, Maxim"]
[Result "1-0"]
[WhiteElo "2423"]
[BlackElo "2692"]
[Annotator "TA"]
[PlyCount "81"]
[EventDate "2019.03.22"]
[EventType "swiss"]
[EventCountry "UAE"]
[SourceTitle "playchess.com"]
[Source "ChessBase"]
[SourceQuality "1"]

{[%evp 9,81,10,10,8,8,12,10,6,7,-14,-6,-9,0,-33,-21,-23,0,0,-15,0,-15,-17,0,-53,-54,-46,-46,-53,-35,-44,-18,-43,11,0,215,193,473,478,430,270,335,318,515,556,530,531,481,460,420,256,262,262,257,263,382,305,379,316,406,342,477,465,644,482,480,458,487,450,504,491,1752,1668,29992,29993]} 1. e4 c5 2. Nf3 d6 3. d4 cxd4 4. Qxd4 Nc6 5. Bb5 a6 6. Bxc6+ {B53: Sicilian: 2...d6: Lines with Qxd4} bxc6 7. c4 (7. O-O e5 8. Qd3 Be7 9. c4 Qc7 10. Rd1 Nf6 11. Nc3 O-O 12. h3 Rb8 13. b3 Nd7 14. Ba3 Nc5 15. Bxc5 dxc5 16. Qe3 {1-0 (26) Wang,H (2711)-Idani,P (2599) Kuala Lumpur 2018}) 7... e5 8. Qd3 {The position is equal.} Ne7 9. O-O Ng6 10. Nc3 Be7 11. Ne2 O-O 12. Ng3 d5 $146 ({Predecessor:} 12... Re8 13. Rd1 Bf8 {0-1 (38) Rivero Castellano,C (1591)-Roiz Baztan,D (2223) Lanzarote 2018}) 13. cxd5 cxd5 14. exd5 f5 15. Qc4 {Threatens to win with d6+.} Kh8 16. Re1 (16. Rd1 $11) 16... e4 $15 {[%mdl 1024] Black has compensation.} 17. Nd4 Ne5 18. Qb3 Nd3 19. Nc6 Qd6 20. Bd2 Bh4 ({But not} 20... Nxe1 $2 21. Bb4 $16) (20... Bf6 $1 $15) 21. Re3 $36 {[%mdl 2048] Hoping for Rxd3. White is more active.} Qg6 $2 {[#]} (21... Be6 $11 22. Nb4 (22. dxe6 Qxc6 23. Rf1 Rac8 $11) 22... Nc5) 22. Rxd3 $1 $18 f4 $2 (22... exd3 {was worth a try.} 23. Qb4 (23. Qxd3 Bf6 $14) 23... Qf6) 23. Nxe4 Qxe4 24. Qb4 {[%cal Rb4f8]} Qf5 25. Rf3 Bg5 $2 {[#]} (25... Re8 {was necessary.} 26. Bxf4 Re4) 26. h4 $1 Bh6 (26... Bxh4 27. Rxf4) 27. Bc3 Re8 28. Qd6 Qh5 29. Qc7 Qxd5 30. Rxf4 Be6 31. Rd4 Qh5 (31... Qc5 $142 32. Qd6 Qxd6 33. Rxd6 Kg8) 32. a4 {[%cal Ba2a4,Ba4a5][%mdl 32]} Rf8 33. Qg3 Rae8 34. Re1 Bf5 35. Ne7 Bc2 36. a5 Qf7 37. Rd7 Ba4 38. Ra7 Bb5 39. Re4 {And now Rc7 would win.} Ra8 (39... Rd8 $142 40. Nc6 Bxc6 41. Rxf7 Rxf7) 40. Rc7 Qa2 {[#]} 41. Nf5 $1 {[%mdl 512] Accuracy: White = 70%, Black = 33%.} 1-0

[Event "3rd Sharjah Masters 2019"]
[Site "Sharjah"]
[Date "2019.03.23"]
[Round "2.6"]
[White "Sargissian, Gabriel"]
[Black "Laxman, R.R."]
[Result "1-0"]
[WhiteElo "2689"]
[BlackElo "2425"]
[Annotator "TA"]
[PlyCount "97"]
[EventDate "2019.03.22"]
[EventType "swiss"]
[EventCountry "UAE"]
[SourceTitle "playchess.com"]
[Source "ChessBase"]
[SourceQuality "1"]

{[%evp 23,97,32,45,44,45,35,37,0,9,0,0,0,19,16,54,41,14,20,38,0,0,0,31,0,0,0,0,14,23,0,0,0,33,12,64,75,51,33,40,16,181,199,227,228,230,239,360,318,313,289,301,278,1360,477,1252,261,370,381,533,312,534,326,332,340,356,352,329,331,394,386,386,382,389,387,393,345]} 1. d4 Nf6 2. c4 e6 3. Nf3 b6 4. g3 Ba6 5. b3 Bb7 6. Bg2 Bb4+ 7. Bd2 c5 8. Bxb4 cxb4 9. O-O O-O 10. Qd3 Be4 11. Qe3 Nc6 12. Nbd2 d5 {LiveBook: 4 Games} 13. Nxe4 {E15: Queen's Indian: 4 g3 sidelines, 4 g3 Ba6 and 4 g3 Bb7 early deviations} (13. Rac1 Rc8 14. Rfd1 h6 15. h3 Re8 16. Ne5 Bxg2 17. Kxg2 Qd6 18. Qf4 Qe7 19. Ndf3 Red8 20. Rc2 Qb7 {½-½ (31) Mamedyarov,S (2752)-Grischuk,A (2715) Moscow 2007}) 13... Nxe4 {[#]} 14. cxd5 $146 ({Predecessor:} 14. a3 bxa3 15. Rxa3 Nb4 16. Rc1 a5 17. Ne5 Nf6 18. cxd5 Nfxd5 19. Qd2 Qe7 20. Raa1 Rfd8 21. Nc4 Rab8 22. Ne5 {½-½ (22) Lerner,K (2560)-Romanishin,O (2595) Nikolaev 1995}) 14... exd5 15. Rfc1 {White is slightly better.} Rc8 16. Qd3 Qf6 17. e3 Qf5 18. Qf1 g5 19. Ne1 Nc3 20. Nd3 Rfe8 {Black wants to play ...Nxd4!} 21. Re1 Rc7 22. Bh3 Qf3 23. Bg2 (23. Rac1 {looks sharper.} a5 24. Rc2 Qe4 25. a3 f5 26. Rcc1) 23... Qf5 24. Bh3 Qg6 25. Bg2 Rce7 26. Kh1 a5 27. Rec1 {[%cal Be1c1,Bc1c2,Bc2b2][%mdl 32]} h5 28. a3 $36 {[%mdl 2048] aiming for axb4. Black is under pressure.} Qd6 (28... Rc7 $11) 29. axb4 axb4 30. Rc2 Na5 31. Rb2 h4 $2 {[#]} (31... Nc6 $11) 32. gxh4 $18 gxh4 33. Nf4 Kh8 34. Qd3 Qd7 (34... h3 {might work better.}) 35. Bh3 Qd6 36. Qf5 {[#] Intending Qh5+ and mate.} Qh6 37. Rg1 {Black must now prevent Rg5.} Rg8 $2 (37... Nb7 38. Nxd5 Nd6) 38. Rxg8+ Kxg8 39. Nxd5 $2 (39. f3 Kf8 40. Rg2) 39... Re6 (39... Nxd5 $142 40. Qxd5 Kf8) 40. Nxb4 Kg7 41. Nd5 Ne4 $2 (41... Nxd5 {was necessary.} 42. Qxd5 Rd6) 42. Qf4 Qxf4 43. Nxf4 Rc6 44. Kg2 Rc3 45. Nd5 Rc6 46. Bf5 {White is winning.} Nf6 47. Nxf6 Kxf6 48. Be4 Rc3 49. b4 {Precision: White = 60%, Black = 23%.} 1-0

[Event "3rd Sharjah Masters 2019"]
[Site "Sharjah"]
[Date "2019.03.23"]
[Round "2.7"]
[White "Buksa, Nataliya"]
[Black "Kryvoruchko, Yuriy"]
[Result "1/2-1/2"]
[WhiteElo "2416"]
[BlackElo "2680"]
[Annotator "TA"]
[PlyCount "127"]
[EventDate "2019.03.22"]
[EventType "swiss"]
[EventCountry "UAE"]
[SourceTitle "playchess.com"]
[Source "ChessBase"]
[SourceQuality "1"]

{[%evp 18,127,41,16,1,0,0,0,7,0,0,0,0,0,0,0,6,0,0,0,0,0,4,0,0,0,0,0,0,0,16,15,16,12,14,3,13,6,13,0,14,37,23,12,25,18,12,6,39,42,31,35,7,0,0,0,0,0,0,0,0,0,43,-36,-31,-51,-13,-8,0,0,0,0,0,0,0,0,0,0,0,0,0,0,0,0,0,0,0,0,0,0,0,0,0,0,0,0,0,0,0,0,0,0,20,0,0,0,0,0,0,0,0,0]} 1. e4 c5 2. Nf3 d6 3. d4 cxd4 4. Nxd4 Nf6 5. Nc3 Nc6 6. Bg5 e6 7. Qd2 a6 8. O-O-O Bd7 9. f4 Be7 10. Kb1 b5 {B68: Sicilian: Richter-Rauzer: 7...a6 8 0-0-0 Bd7 9 f4 Be7} 11. Bxf6 (11. g4 {seems wilder.} O-O 12. Rg1 Qb6 13. Nf3 b4 14. Na4) (11. Nxc6 Bxc6 12. Qe1 Qc7 13. Bxf6 gxf6 14. Bd3 O-O-O 15. Rf1 Kb8 16. f5 Bb7 17. fxe6 fxe6 18. Ne2 {½-½ (43) Goganov,A (2612)-Demchenko,A (2679) St Petersburg 2018}) 11... Bxf6 12. Nxc6 {[%mdl 64] [#] Discovered Attack} Bxc6 13. Qxd6 Qxd6 14. Rxd6 Rc8 15. e5 Be7 16. Rd2 g5 17. Bd3 gxf4 18. Be4 $146 ({Predecessor:} 18. Rf2) 18... O-O 19. Bxc6 Rxc6 20. Rd7 Bd8 21. Ne4 Bc7 22. Nf6+ Kg7 23. Rd3 Rc8 24. Nd7 Bd8 25. c3 Rc4 26. g3 b4 27. cxb4 Rxb4 28. Rf1 Rcc4 (28... Bg5 {is interesting.} 29. h4 Be7 30. gxf4 h5 31. a3 Re4) 29. a3 Rd4 30. Nc5 Rxd3 31. Nxd3 $11 {[%mdl 4096] Endgame KRB-KRN} Rd4 32. Nxf4 Re4 33. Rd1 Bb6 34. Rd6 Bg1 35. h4 Rxe5 36. Rxa6 Bh2 $1 37. Nd3 Rd5 38. Nf4 Rf5 39. Ra4 Kh6 40. Nh3 (40. Re4 $14) 40... Bxg3 $15 41. Rg4 Be5 42. a4 {The position is equal.} Rf1+ 43. Ka2 f5 44. Rb4 f4 45. Re4 Bb8 46. Rxe6+ Kh5 47. Re8 Bd6 48. Re6 Bb8 49. Re8 Bd6 50. Rd8 Be7 51. Rd7 Bxh4 {[#] Threatens to win with ...Kg4.} 52. a5 {[%cal Ba4a5,Ba5a6][%mdl 32] And now a6 would win.} Kg4 53. a6 (53. Rxh7 $2 Kxh3 54. Rf7 (54. a6 $2 Rd1 $19) 54... Kg4 $19) 53... Rc1 54. Nxf4 ({But not} 54. Rxh7 $2 Kxh3 55. Rb7 Rc8 $19) 54... Kxf4 55. Rxh7 $11 {KRB-KR} Bf2 {White must now prevent ...Rc6.} 56. Rf7+ Kg3 57. b4 Bd4 {...Ra1+ is the strong threat.} 58. Kb3 Kg4 59. b5 Kg5 60. Rd7 Be3 61. Re7 Bd4 62. Rd7 Be3 63. Re7 Bd4 64. Rd7 {Accuracy: White = 70%, Black = 65%.} 1/2-1/2

[Event "3rd Sharjah Masters 2019"]
[Site "Sharjah"]
[Date "2019.03.23"]
[Round "2.8"]
[White "Maghsoodloo, Parham"]
[Black "Raja Rithvik R"]
[Result "1-0"]
[WhiteElo "2673"]
[BlackElo "2423"]
[Annotator "TA"]
[PlyCount "109"]
[EventDate "2019.03.22"]
[EventType "swiss"]
[EventCountry "UAE"]
[SourceTitle "playchess.com"]
[Source "ChessBase"]
[SourceQuality "1"]

{[%evp 15,109,0,0,0,0,0,73,74,79,60,64,30,40,38,89,92,94,81,81,60,60,60,64,61,61,60,60,60,61,60,61,61,79,79,77,77,162,154,154,169,259,270,255,256,284,280,285,254,258,245,246,238,227,226,291,290,384,373,349,356,404,377,372,390,399,389,920,903,588,903,913,745,889,875,866,762,636,574,468,223,830,815,803,769,745,230,812,482,390,391,391,390,29964,29965,29978,29977]} 1. Nf3 d5 2. g3 Bg4 3. Bg2 c6 4. h3 Bh5 5. O-O e6 6. d3 Bd6 7. e4 Ne7 8. Nbd2 Nd7 9. c4 {A07: Réti Opening: New York and Capablanca Systems} O-O 10. d4 c5 (10... a5 $11 {keeps the balance.}) 11. cxd5 {Hoping for g4.White is better.} exd5 12. exd5 Nxd5 13. Ne4 Be7 14. Qb3 N5b6 (14... N5f6 $14 15. Nxc5 (15. Qxb7 Rb8 $11) 15... Bxc5) 15. dxc5 $16 Nxc5 16. Nxc5 Bxc5 {[#]} 17. Rd1 $146 Qf6 18. Bg5 Qe6 $1 19. g4 Bg6 20. Rac1 $36 {[%mdl 2048] White is pushing.} Rac8 21. Qxe6 fxe6 22. Nd4 Bxd4 23. Rxd4 h6 24. Rxc8 (24. Bxb7 Rb8 $11) 24... Rxc8 25. Be3 (25. Bxb7 Rc7 $17) 25... Rc2 (25... Nd5 $16) 26. Rd8+ $18 (26. Bxb7 $6 Rxb2 27. a4 Nc4 $14) 26... Kh7 27. Bd4 (27. Bxb7 $6 Rxb2 28. Bg2 Rxa2 $11) 27... Nc4 (27... Rc7 $142 28. Kh2 Bb1) 28. Rd7 ({Less strong is} 28. Bxb7 Rd2 $16) (28. Bxa7 Rxb2 29. Bc5 Ne5 $14) 28... e5 29. Bc3 ({Not} 29. Bxa7 Nxb2 30. Bxb7 (30. Rxb7 Nd3 $16) 30... Nd3 $16) 29... b5 30. Rxa7 Bd3 31. Bd5 Re2 32. Re7 b4 33. Bxc4 Bxc4 34. Bxe5 {[%mdl 4096] Endgame KRB-KRB} Re1+ 35. Kh2 Bf7 36. Rxf7 Rxe5 {KR-KR} 37. Rb7 Ra5 38. Rxb4 Rxa2 39. Kg3 Ra1 40. Rb7 Rd1 $2 (40... Rg1+ 41. Kf3 Rh1) 41. f4 Rd3+ 42. Kh4 Kg6 43. Rb6+ Kf7 44. f5 Re3 45. b4 {[%cal Bb2b4,Bb4b5][%mdl 32]} Rd3 46. b5 Rb3 47. Rb8 (47. g5 $142) 47... Kf6 $2 (47... g5+ 48. fxg6+ Kf6) 48. Rb7 g5+ 49. fxg6 $1 Kxg6 50. Rb8 $2 (50. b6 Kf6 51. Rb8) 50... Kg7 $2 (50... Kf7 51. b6 Kf6) 51. Rb6 Kh7 {[#]} 52. g5 $1 hxg5+ 53. Kxg5 Rxh3 $2 (53... Rg3+ $18 54. Kh4 Rd3) 54. Rc6 Kg7 {[#]} 55. Rc7+ $1 {Accuracy: White = 81%, Black = 29%.} 1-0